Normal view
MARC view
- اللغة العربية - مؤتمرات - وسائل الاعلام واللغة العربية - جوانب اجتماعية - مؤتمرات
Entry Topical Term
001 - CONTROL NUMBER
- control field: 24746
003 - CONTROL NUMBER IDENTIFIER
- control field: JO-AjAnu
005 - DATE AND TIME OF LATEST TRANSACTION
- control field: 20230606074234.0
008 - FIXED-LENGTH DATA ELEMENTS
- fixed length control field: 230606|| aca||aabn | a|a d
040 ## - CATALOGING SOURCE
- Original cataloging agency: JO-AjAnu
- Transcribing agency: JO-AjAnu
150 ## - HEADING--TOPICAL TERM
- Topical term or geographic name entry element: اللغة العربية - مؤتمرات - وسائل الاعلام واللغة العربية - جوانب اجتماعية - مؤتمرات
670 ## - SOURCE DATA FOUND
- Source citation: Work cat.: (JO-AjAnu)12730: ندوة اللغة العربية والإعلام وكتاب النص، 13/9/2005؛ اشراف ومراجعة همام عضيب؛ تحرير كايد هاشم, author 24745, اللغة العربية والإعلام وكتاب النص: وقائع الندوة المشتركة التي عقدها منتدى الفكر العربي ومجمع اللغة العربية الاردني، عمان 13/9/2005